[Event "ch-Commonwealth 2012"]
[Site "Chennai IND"]
[Date "2012.11.26"]
[Round "6"]
[White "Sachdev,T"]
[Black "Divyasri,C"]
[Result "1-0"]
[WhiteElo "2400"]
[BlackElo "2145"]

1.d4 Nf6 2.c4 e6 3.Nf3 b6 4.a3 Bb7 5.Nc3 Be7 6.d5 O-O 7.e4 d6 8.Bd3 c6 9.O-O cxd5
10.cxd5 e5 11.b4 Ba6 12.Qe2 Bxd3 13.Qxd3 a5 14.Bd2 Na6 15.Rab1 Nd7 16.Rfc1 g6
17.Bh6 Re8 18.Nb5 Nf6 19.h3 Bf8 20.Be3 Nd7 21.Nd2 axb4 22.axb4 Rc8 23.Rc6 Nab8
24.Rxc8 Qxc8 25.Nc4 Rd8 26.Ncxd6 Qa6 27.Qc3 Bxd6 28.Nxd6 b5 29.Qc7 Rf8 30.Bh6 Qa2
31.Rc1 Qb2 32.Bxf8 Kxf8 33.Qd8+ Kg7 34.Ne8+ Kf8 35.Rc8 Qxb4 36.Nd6+ Kg7 37.Qh8+ Kh6
38.Nxf7+ Kh5 39.Qxh7+  1-0

[Event "XXVIII Voivoda Cup"]
[Site "Legnica POL"]
[Date "2012.11.26"]
[Round "7.4"]
[White "Sieciechowicz,M"]
[Black "Pieniazek,Ar"]
[Result "1/2-1/2"]
[WhiteElo "2443"]
[BlackElo "2368"]

1.d4 Nf6 2.c4 e6 3.Nf3 b6 4.a3 Bb7 5.Nc3 d5 6.cxd5 Nxd5 7.Bd2 Nd7 8.Nxd5 exd5
9.g3 Be7 10.Bg2 O-O 11.O-O Nf6 12.Rc1 Ne4 13.Be3 c5 14.dxc5 bxc5 15.Nd2 Nxd2
16.Qxd2 d4 17.Bxb7 dxe3 18.Qxe3 Rb8 19.Rfd1 Qc7 20.Bd5 Rxb2 21.Rc4 Rbb8 22.Qf3 Rb6
23.Rd3 Rf6 24.Qe3 Rb6 25.Re4 Bf6 26.Bc4 Bd4 27.Qf4 Qb7 28.e3 Rf6 29.Rexd4 Rxf4
30.Rxf4 g6  1/2-1/2

[Event "XXVI Belgrade Trophy 2012"]
[Site "Belgrade SRB"]
[Date "2012.11.28"]
[Round "5.46"]
[White "Rodic,Dr"]
[Black "Marinkov,S"]
[Result "1/2-1/2"]
[WhiteElo "2088"]
[BlackElo "1898"]

1.d4 Nf6 2.c4 e6 3.Nf3 b6 4.a3 Bb7 5.e3 Be7 6.Be2 O-O 7.O-O c5 8.b3 d6 9.Bb2 Nbd7
10.Nc3 a6 11.a4 Qc7 12.d5 e5 13.e4 Rfe8 14.g3 Nf8 15.Nh4 Ng6 16.Nf5 Bf8 17.Bd3 Bc8
18.f3 Ne7 19.g4 g6 20.Ng3 Bh6 21.Nce2 Be3+ 22.Kg2 Qd7 23.h3 h5 24.Ng1 h4
25.Nh1 g5 26.Bc1 Bxc1 27.Qxc1 Nh7 28.Nf2 f6 29.Nd1 Nf8 30.Ne3 Nfg6 31.Ne2 Nf4+
32.Nxf4 exf4 33.Nc2 Ng6 34.b4 Ne5 35.Be2 Qc7 36.Ra2 a5 37.bxc5 Qxc5 38.Na3 Bd7
39.Nb5 Rec8 40.Qb2 Kf7 41.Rc1 Ke7 42.Rc2 Rcb8 43.Qc1 Qc8 44.Nd4 Qd8 45.Rc3 Rc8
46.Nb5 Rc5 47.Rac2 Be8 48.Qb2 Rb8  1/2-1/2

[Event "ch-Commonwealth 2012"]
[Site "Chennai IND"]
[Date "2012.11.28"]
[Round "8"]
[White "Visakh,NR"]
[Black "Swayams,M"]
[Result "0-1"]
[WhiteElo "2152"]
[BlackElo "2423"]

1.d4 Nf6 2.Nf3 e6 3.c4 b6 4.a3 Bb7 5.Nc3 Be7 6.Bg5 d5 7.cxd5 exd5 8.e3 O-O
9.Bd3 Nbd7 10.Rc1 c5 11.O-O Ne4 12.Bxe7 Qxe7 13.dxc5 bxc5 14.Qc2 Ndf6 15.Nd2 Nd6
16.b3 Rac8 17.Rfe1 Rfe8 18.Nb5 Nxb5 19.Bxb5 Red8 20.Bd3 g6 21.e4 dxe4 22.Nxe4 Bxe4
23.Bxe4 Re8 24.f3 c4 25.bxc4 Qxa3 26.c5 Rc7 27.Qc3 Qxc3 28.Rxc3 Re5 29.c6 Re6
30.Ra3 Nxe4 31.Rxe4 Rexc6 32.Re2 a6 33.Rea2 Rc1+ 34.Kf2 R1c2+ 35.Rxc2 Rxc2+
36.Kg3 Rc6 37.Rb3 Rc8 38.Ra3 Ra8 39.Ra5 f6 40.Kf4 Kf7 41.Ke4 Ke6 42.Kd4 Kd6
43.Kc4 Kc6 44.Kb4 Kb6 45.Rd5 Rc8 46.Rd7 Rc7 47.Rd2 a5+ 48.Ka4 Rc4+ 49.Kb3 Kb5
50.Rd7 a4+ 51.Ka3 h5 52.Rg7 g5 53.Rg6 Rf4 54.Rg8 h4 55.Rb8+ Kc5 56.h3 Kd5
57.Re8 Rc4 58.Re2 Rd4 59.Kb2 Kc4 60.Ka3 Kd5 61.Kb2 Rd3 62.Kc2 Ra3 63.Kb2 Rb3+
64.Kc2 Rb6 65.Re3 Rb4 66.Ra3 Ke5 67.Ra2 Kd4 68.Ra3 Rc4+ 69.Kd2 Kc5 70.Kd3 Rb4
71.Ra1 Kb5 72.Kc3 Rb3+ 73.Kc2 Kb4 74.Re1 Rc3+ 75.Kb1 Rd3 76.Kc2 Rd6 77.Re4+ Ka3
78.f4 Rc6+ 79.Kb1 Rb6+ 80.Kc1 Rb4 81.Re3+ Ka2 82.fxg5 fxg5 83.g3 Rc4+ 84.Kd2 Kb2
85.gxh4 Rd4+ 86.Ke1 gxh4 87.Re2+ Kc3 88.Re3+ Kb4 89.Re8 a3 90.Rb8+ Kc3 91.Rc8+ Kb3
92.Rb8+ Rb4 93.Ra8 a2 94.Kd2 Kb2  0-1

[Event "9th Vasylyshyn Mem GM"]
[Site "Lviv UKR"]
[Date "2012.11.28"]
[Round "9"]
[White "Semcesen,D"]
[Black "Zakhartsov,Vi"]
[Result "1/2-1/2"]
[WhiteElo "2484"]
[BlackElo "2531"]

1.d4 Nf6 2.c4 e6 3.Nf3 b6 4.a3 Bb7 5.Nc3 d5 6.Bg5 Be7 7.Qa4+ c6 8.Bxf6 Bxf6
9.cxd5 exd5 10.g3 O-O 11.Bg2 Re8 12.O-O Nd7 13.Rfe1 Be7 14.b4 a5 15.b5 c5  1/2-1/2

[Event "XXVI Belgrade Trophy 2012"]
[Site "Belgrade SRB"]
[Date "2012.11.30"]
[Round "7.48"]
[White "Dzunic,V"]
[Black "Marinkov,S"]
[Result "1/2-1/2"]
[WhiteElo "2052"]
[BlackElo "1898"]

1.d4 Nf6 2.c4 e6 3.Nf3 b6 4.a3 Bb7 5.Nc3 d5 6.cxd5 Nxd5 7.Bd2 Nf6 8.e3 Be7
9.Bb5+ Nbd7 10.Ne5 O-O 11.Nc6 Qe8 12.Nxe7+ Qxe7 13.O-O e5 14.Qa4 exd4 15.exd4 a6
16.Bd3 Qd6 17.Ne2 Nc5 18.Qc2 Nxd3 19.Qxd3 c5 20.Bc3 Rad8 21.Qg3 Qxg3 22.hxg3 Ne4
23.dxc5 Nxc5 24.b4 Ne6 25.Rfd1 Rd5 26.Rxd5 Bxd5 27.Bd2 Bc4 28.Nc3 Rd8 29.Be3 b5
30.Rd1 Rxd1+ 31.Nxd1 Kf8 32.f3 Ke7 33.Kf2 Kd6 34.g4 Ke5 35.g3 Nd4 36.Nc3 Nc2
37.f4+ Ke6 38.Bc1 Bd3 39.Kf3 f5 40.gxf5+ Kxf5 41.g4+ Ke6 42.f5+ Kd6 43.Bb2 h5
44.Kf4 hxg4 45.Kxg4 Ne3+ 46.Kf4 Nxf5 47.a4 g6 48.axb5 axb5 49.Kg5 Nd4 50.Kf6 Kc6
51.Nd1 Nc2 52.Bc3 Kd5 53.Bd2 Kd4 54.Nb2 Bf5 55.Ke7 Ne3 56.Kd6 g5 57.Kc6 g4
58.Kxb5 g3 59.Be1 g2 60.Bf2 Ke4 61.Nc4 Bd7+ 62.Kc5 Nd1 63.Bg1 Nc3 64.b5 Bxb5
65.Nd6+ Kf3 66.Nxb5 Nxb5 67.Kxb5  1/2-1/2

[Event "4th London Classic Open"]
[Site "London ENG"]
[Date "2012.12.01"]
[Round "1"]
[White "Berthier,H"]
[Black "Fontaine,O"]
[Result "1-0"]
[WhiteElo "2220"]
[BlackElo "1904"]

1.d4 Nf6 2.c4 e6 3.Nf3 b6 4.a3 Bb7 5.Nc3 Be7 6.d5 exd5 7.cxd5 O-O 8.e4 d6
9.Bd3 Nbd7 10.b4 c6 11.dxc6 Bxc6 12.O-O Ne5 13.Nd4 Bb7 14.f4 Nxd3 15.Qxd3 Rc8
16.Bb2 Rxc3 17.Qxc3 Nxe4 18.Qd3 Bf6 19.Rac1 Qd7 20.Rc2 Rc8 21.Rxc8+ Qxc8
22.Re1 d5 23.Rc1 Qd7 24.Rc2 h5 25.h3 Bd8 26.Nf3 f6 27.Bd4 Bc7 28.Be3 Ng3
29.Nd4 Ne4 30.Qb5 Qc8 31.Nc6 Kh7 32.Ne7 Qd8 33.Rxc7 Qxc7 34.Qe8 Nd6 35.Qxh5+  1-0

[Event "Vietnam National Masters Men 2012"]
[Site "Ho Chi Minh City VIE"]
[Date "2012.12.02"]
[Round "6.1"]
[White "Nguyen Hoang Nam1"]
[Black "Bao Khoa"]
[Result "1/2-1/2"]
[WhiteElo "2263"]
[BlackElo "2279"]

1.d4 Nf6 2.c4 e6 3.Nf3 b6 4.a3 Bb7 5.Nc3 Ne4 6.Nxe4 Bxe4 7.d5 c6 8.dxe6 dxe6
9.Qxd8+ Kxd8 10.Be3 Bd6 11.Nd2 Bg6 12.g3 Be5 13.O-O-O Ke7 14.Bg2 Na6 15.Bxc6 Rac8
16.Bb7 Nc5 17.Bxc5+ Rxc5 18.b4 Rc7 19.Ba6 Rb8 20.e4 b5 21.f4 Bc3 22.Bxb5 Bxb4
23.axb4 Rxb5 24.Rde1 f6 25.Re3 Rxb4 26.Kc2 a5 27.Ra1 a4 28.Rea3 Be8 29.Kc3 Rb8
30.e5 fxe5 31.fxe5 Bc6 32.Rb1 Rf8 33.Rf1 Rcc8 34.Rxf8 Rxf8 35.Kb4 Kd7 36.Kc5 Kc7
37.Nb1 Rf2 38.h4 Re2 39.Nc3 Rxe5+ 40.Kb4 g5 41.hxg5 Rxg5 42.Nxa4  1/2-1/2

[Event "4th London Classic Open"]
[Site "London ENG"]
[Date "2012.12.06"]
[Round "6"]
[White "Kane,Robert"]
[Black "Yurenok,M"]
[Result "0-1"]
[WhiteElo "1827"]
[BlackElo "2041"]

1.d4 Nf6 2.Nf3 e6 3.c4 b6 4.a3 Bb7 5.Nc3 Be7 6.d5 O-O 7.g3 a5 8.Bg2 Na6 9.O-O Nc5
10.Re1 Nfe4 11.Nxe4 Nxe4 12.Nd2 Nc5 13.Nb3 Nxb3 14.Qxb3 Bc5 15.Be3 a4 16.Qc3 exd5
17.Bxc5 bxc5 18.Bxd5 Bxd5 19.cxd5 d6 20.e4 f6 21.b4 axb3 22.Qxb3 Qd7 23.Reb1 Ra4
24.f3 f5 25.exf5 Rxf5 26.Qc2 Ra8 27.Qd3 Qf7 28.a4 Rxd5 29.Qc3 Rf5 30.Kg2 Qe6
31.Re1 Qd7 32.Qc4+ Kf8 33.a5 Qc6 34.Re3 d5 35.Qh4 Kg8 36.Rae1 d4 37.Re4 Raf8
38.a6 Qxa6 39.Re8 Qc6 40.Rxf8+ Rxf8 41.Qg4 Re8 42.Rxe8+ Qxe8 43.Qf5 Qf8 44.Qd5+ Kh8
45.Kf2 h6 46.h4 Qd6 47.Qc4 d3 48.Ke3 d2  0-1

[Event "TCh-CZE Div1 Zapad 2012-13"]
[Site "Czech Republic CZE"]
[Date "2012.12.09"]
[Round "4.5"]
[White "Fiala,Jar"]
[Black "Liuba,Volodymyr"]
[Result "1/2-1/2"]
[WhiteElo "2207"]
[BlackElo "2184"]

1.d4 Nf6 2.Nf3 e6 3.c4 b6 4.a3 Bb7 5.Nc3 d5 6.cxd5 Nxd5 7.Qc2 Be7 8.Bd2 O-O
9.e4 Nxc3 10.Bxc3 c5 11.Rd1 cxd4 12.Nxd4 Qc8 13.Be2 Nc6 14.Nf3 e5 15.O-O Qe6
16.b4 Rfd8 17.Rfe1 Rxd1 18.Bxd1 Rd8 19.Qb2 Nd4 20.h3 Nxf3+ 21.Bxf3 Bf6 22.Bg4 Qe7  1/2-1/2

[Event "4th London Classic Open"]
[Site "London ENG"]
[Date "2012.12.09"]
[Round "9"]
[White "Berthier,H"]
[Black "Slavin,A"]
[Result "1/2-1/2"]
[WhiteElo "2220"]
[BlackElo "2397"]

1.d4 Nf6 2.c4 e6 3.Nf3 b6 4.a3 Bb7 5.Nc3 Be7 6.d5 O-O 7.e4 d6 8.Be2 e5 9.O-O a5
10.Rb1 c5 11.Ne1 Ne8 12.Nd3 Ba6 13.b3 Bg5 14.f4 exf4 15.Bxf4 Nd7 16.Bg4 Bxf4
17.Rxf4 Ne5 18.Nxe5 dxe5 19.Rf2 Nd6 20.a4 Ra7 21.Qf3 Qg5 22.Rbf1 g6 23.Qf6 Qxf6
24.Rxf6 Rd8 25.h4 Kf8 26.h5 Ke7 27.hxg6 hxg6 28.Bh3 Rb7 29.R1f2 Rbb8 30.R2f3 Rf8
31.Rf2 Rh8 32.Rxd6 Kxd6 33.Rxf7 Rhd8 34.Rg7 g5 35.Rg6+ Kc7 36.Rxg5 Rg8 37.Rxe5 Rbe8
38.Rf5 Ref8 39.Rh5 Rg3 40.Rh7+ Kd6 41.Rd7+ Ke5 42.Re7+ Kd6 43.Re6+ Kc7 44.Nb5+ Bxb5
45.axb5 Rxb3 46.d6+ Kd7 47.e5 Rxh3 48.Re7+ Kd8 49.gxh3 Re8 50.Rb7 Rxe5 51.Rxb6 Re4
52.Ra6 Rxc4 53.Rxa5 Rb4 54.Kg2 Kd7 55.Kg3 c4 56.h4 Kxd6 57.h5 c3 58.Ra1 Rxb5
59.Rc1  1/2-1/2

[Event "III ITT JAHV McGREGOR"]
[Site "Bogota COL"]
[Date "2012.12.12"]
[Round "2.8"]
[White "Chirivi C,Y"]
[Black "Hevia,A"]
[Result "0-1"]
[WhiteElo "2214"]
[BlackElo "2508"]

1.d4 Nf6 2.c4 e6 3.Nf3 b6 4.a3 Bb7 5.Nc3 d5 6.cxd5 Nxd5 7.Qc2 Nd7 8.e4 Nxc3
9.bxc3 c5 10.Bd3 Be7 11.O-O Rc8 12.Qe2 O-O 13.Bb2 Qc7 14.Rad1 a6 15.e5 b5
16.Nd2 Nb6 17.Ne4 Rfd8 18.Qg4 Bxe4 19.Bxe4 g6 20.Rd3 Nc4 21.Qe2 Nxb2 22.Qxb2 Qa5
23.d5 c4 24.Rdd1 exd5 25.Bxd5 Qxa3 26.Qxa3 Bxa3 27.e6 Kg7 28.exf7 b4 29.Be6 Rxd1
30.Rxd1 Rc7 31.Ra1 Bb2 32.Rxa6 bxc3 33.Ra8 Rxf7 34.Ra6  0-1

[Event "III ITT JAHV McGREGOR"]
[Site "Bogota COL"]
[Date "2012.12.15"]
[Round "7.32"]
[White "Chirivi C,Y"]
[Black "Bejarano,Dany Andres"]
[Result "1-0"]
[WhiteElo "2214"]
[BlackElo "2005"]

1.d4 Nf6 2.c4 e6 3.Nf3 b6 4.a3 Bb7 5.Nc3 d5 6.cxd5 exd5 7.g3 Nbd7 8.Bg2 Be7
9.O-O O-O 10.Bf4 Nh5 11.Bd2 Nhf6 12.Rc1 Ne4 13.Bf4 Bd6 14.Bxd6 Nxd6 15.Ne5 Nf6
16.Qb3 Nde4 17.Rc2 Rc8 18.Rfc1 a6 19.Bh3 Rb8 20.Nxe4 dxe4 21.Rxc7 Qxd4 22.Rxf7 Bd5
23.Rxf8+ Rxf8 24.Qc3 Qa4 25.Qb4 Qe8 26.Rc8 Qxc8 27.Bxc8 Rxc8 28.e3 b5 29.Kg2 Re8
30.Qd6 Re6 31.Qd8+ Re8 32.Qc7  1-0

[Event "ITT Cerrado LAB IM 2012"]
[Site "Bogota COL"]
[Date "2012.12.19"]
[Round "5.3"]
[White "Salazar,Ca"]
[Black "Arvola,B"]
[Result "1/2-1/2"]
[WhiteElo "2169"]
[BlackElo "2285"]

1.d4 Nf6 2.c4 e6 3.Nf3 b6 4.a3 d5 5.Nc3 Bb7 6.cxd5 exd5 7.g3 Be7 8.Bg2 O-O
9.O-O c5 10.Bg5 Nbd7 11.Ne5 Ne4 12.Bxe7 Qxe7 13.Nxe4 dxe4 14.Nxd7 Rfd8 15.dxc5 Rxd7
16.Qa4 bxc5 17.Rfd1 Rxd1+ 18.Rxd1 e3 19.Bxb7 exf2+ 20.Kxf2 Qxb7 21.Qd7 Qb8
22.Qc6  1/2-1/2

[Event "ITT Cerrado LAB GM"]
[Site "Bogota COL"]
[Date "2012.12.21"]
[Round "8.2"]
[White "Almeida Quintana,O"]
[Black "Rivera,Alberto"]
[Result "0-1"]
[WhiteElo "2506"]
[BlackElo "2338"]

1.d4 Nf6 2.c4 e6 3.Nf3 b6 4.a3 Bb7 5.Nc3 d5 6.cxd5 Nxd5 7.Bd2 Nd7 8.Qc2 Be7
9.e4 Nxc3 10.Bxc3 O-O 11.O-O-O c6 12.h4 a5 13.e5 b5 14.Ng5 g6 15.Bd2 b4 16.a4 b3
17.Qxb3 Qb6 18.Qg3 Rab8 19.h5 Ba6 20.Bc3 Bxf1 21.hxg6 Bxg5+ 22.Qxg5 fxg6
23.Rdxf1 Rf7 24.f4 Qb3 25.g4 Rg7 26.Rh6 Qxa4 27.Rfh1 Nf8 28.Qh4 Rgb7 29.Qf6 Qc4
30.d5 Rxb2 31.Rxg6+ Nxg6 32.Qxe6+ Kf8  0-1

[Event "Groningen Open A"]
[Site "Groningen NED"]
[Date "2012.12.21"]
[Round "1.31"]
[White "Maris,Iv"]
[Black "Estremera Panos,S"]
[Result "1-0"]
[WhiteElo "2086"]
[BlackElo "2367"]

1.d4 Nf6 2.c4 e6 3.Nf3 b6 4.a3 Bb7 5.Nc3 d5 6.cxd5 Nxd5 7.e4 Nxc3 8.bxc3 Bxe4
9.Ne5 Qh4 10.Qa4+ c6 11.d5 Bc5 12.g3 Bxf2+ 13.Kxf2 Qf6+ 14.Bf4 Bxh1 15.dxc6 Nxc6
16.Bb5 O-O 17.Bxc6 Bxc6 18.Qxc6 Qf5 19.Nf3 Rac8 20.Qd7 Rxc3 21.Rf1 h6 22.Kg2 Rfc8
23.Be5 Rc2+ 24.Kg1 Rc1 25.Rxc1 Rxc1+ 26.Kf2 f6 27.Bf4 Rc2+ 28.Bd2 Kh7 29.Ke2 Qe4+
30.Kf2 e5 31.g4 Qxg4 32.Qxg4  1-0

[Event "23rd Metropolitan GM"]
[Site "Los Angeles USA"]
[Date "2012.12.22"]
[Round "7"]
[White "Chibukhchian,A"]
[Black "Yang,Dar"]
[Result "1-0"]
[WhiteElo "2448"]
[BlackElo "2493"]

1.d4 Nf6 2.c4 e6 3.Nf3 b6 4.a3 Ba6 5.Qc2 Bb7 6.Nc3 c5 7.e4 cxd4 8.Nxd4 Bc5
9.Nb3 Nc6 10.Bg5 Qb8 11.Rd1 Be7 12.Be2 d6 13.O-O O-O 14.Rd3 Rd8 15.Rg3 a6
16.f4 Qc7 17.Bd3 Ne8 18.Qf2 Rab8 19.Kh1 Bc8 20.Nd2 f6 21.Bh4 Bf8 22.b4 Qf7
23.Rh3 e5 24.f5 Nd4 25.Qg1 g5 26.Bf2 Bb7 27.Bxd4 exd4 28.Qxd4  1-0

[Event "Ptuj Open 2012"]
[Site "Ptuj SLO"]
[Date "2012.12.23"]
[Round "2.7"]
[White "Solmajer,L"]
[Black "Titan,M"]
[Result "0-1"]
[WhiteElo "2069"]
[BlackElo "2135"]

1.d4 Nf6 2.c4 e6 3.Nf3 b6 4.a3 Bb7 5.Nc3 d5 6.Bg5 Be7 7.e3 O-O 8.Bd3 h6 9.Bf4 c5
10.dxc5 bxc5 11.cxd5 exd5 12.O-O Nbd7 13.Rc1 Qa5 14.Ne5 Rad8 15.Qf3 c4 16.Nxd7 Rxd7
17.Bf5 d4 18.Qh3 dxc3 19.Bxd7 cxb2 20.Rcd1 c3 21.Bf5 Be4 22.Bxe4 Nxe4 23.Bxh6 gxh6
24.Qg4+ Ng5 25.h4 c2 26.hxg5 cxd1=Q  0-1

[Event "21st Donau Open 2012"]
[Site "Aschach AUT"]
[Date "2012.12.26"]
[Round "1"]
[White "Szabolcsi,J"]
[Black "Lang,Jo"]
[Result "0-1"]
[WhiteElo "2387"]
[BlackElo "2047"]

1.d4 Nf6 2.Nf3 e6 3.c4 b6 4.a3 Bb7 5.Nc3 d5 6.cxd5 Nxd5 7.e3 Be7 8.Bb5+ c6
9.Bd3 O-O 10.O-O Nd7 11.e4 Nxc3 12.bxc3 Qc7 13.c4 e5 14.d5 Nc5 15.Bb2 Nxd3
16.Qxd3 f6 17.Rfd1 Rfd8 18.Nh4 Rac8 19.Nf5 Bf8 20.Qg3 Rd7 21.Rd2 b5 22.Rad1 Rcd8
23.cxb5 cxd5 24.Qb3 Qb6 25.Ne3 Kh8 26.Nxd5 Qc5 27.g3 f5 28.Rc2 Qd6 29.f3 fxe4
30.fxe4 Qg6 31.Re2 Qg4 32.Ree1 Bc5+ 33.Kg2 Rf8 34.Rd2 Rdf7 35.Qc2 Qf3+ 36.Kh3 Bc8+  0-1

[Event "29th Travemuender Schach-Open"]
[Site "Travemuende GER"]
[Date "2012.12.27"]
[Round "2.5"]
[White "Voloshin,L"]
[Black "Dahlhaus,F"]
[Result "1-0"]
[WhiteElo "2426"]
[BlackElo "2095"]

1.d4 Nf6 2.c4 e6 3.Nf3 b6 4.a3 Bb7 5.Nc3 d5 6.cxd5 exd5 7.g3 Be7 8.Bg2 O-O
9.O-O Nbd7 10.Bf4 c6 11.Rc1 Re8 12.Qc2 Nf8 13.Rfd1 Ng6 14.Ne5 Bd6 15.Nxg6 hxg6
16.Qd2 Qd7 17.Bxd6 Qxd6 18.Qf4 Qe6 19.h4 Rad8 20.Bf3 Re7 21.Kg2 Bc8 22.Rh1 Ne4
23.Rc2 Rde8 24.e3 Ba6 25.Bg4 f5 26.Bd1 Bd3 27.Rc1 Nd6 28.h5 gxh5 29.Bxh5 Rd8
30.Rh2 Nf7 31.Bxf7+ Kxf7 32.Rh5 g6 33.Rh7+ Ke8 34.Rh8+ Kd7 35.Rxd8+ Kxd8
36.Qb8+ Kd7 37.Qxa7+ Kd6 38.Qxb6 Be4+ 39.Nxe4+ Qxe4+ 40.f3 Qxe3 41.Qxc6+  1-0

[Event "36th Zurich Christmas Open"]
[Site "Zuerich SUI"]
[Date "2012.12.27"]
[Round "3.20"]
[White "Heer,S"]
[Black "Goldstern,F"]
[Result "0-1"]
[WhiteElo "2187"]
[BlackElo "2318"]

1.d4 Nf6 2.c4 e6 3.Nf3 b6 4.a3 Ba6 5.Qc2 Bb7 6.Nc3 c5 7.e4 cxd4 8.Nxd4 d6
9.Be2 Be7 10.Be3 Nbd7 11.O-O a6 12.Rfd1 Qc7 13.f3 Rc8 14.Rac1 O-O 15.b4 Qb8
16.Qd2 Rfe8 17.Nb3 Red8 18.Qe1 Re8 19.Qf2 Bd8 20.Rd2 Bc7 21.g3 h6 22.Rcd1 Red8
23.g4 Ba8 24.h4 d5 25.g5 Bg3 26.Qg2 Nh5 27.gxh6 g6 28.exd5 Bf4 29.Bxf4 Nxf4
30.Qh2 exd5 31.Nxd5 Bxd5 32.cxd5 Rc3 33.Nd4 Qe5 34.Nc6 Qe3+ 35.Kf1 Re8 36.Qf2 Rxa3
37.Qxe3 Rexe3 38.d6 Kh7 39.Nd8 Ne5 40.d7 Kxh6 41.Bc4 Rxf3+ 42.Rf2 Nxd7 43.Nxf7+ Kh5
44.Ng5 Rxf2+ 45.Kxf2 Ne5 46.Be2+ Nxe2 47.Kxe2 Kxh4 48.Ne4 Kg4 49.Rd6 Ra2+
50.Kd1 Nc4 51.Rc6 Ne3+ 52.Kc1 Nd5 53.Nd2 Kf5 54.Nf3 g5 55.Rd6 Nxb4 56.Rxb6 Nd3+
57.Kb1 Ra4 58.Rd6 Nf4 59.Rc6 g4 60.Rc5+ Ke4 61.Nd2+ Ke3 62.Nf1+ Kf2 63.Nd2 g3  0-1

[Event "XLII Rilton Cup"]
[Site "Stockholm SWE"]
[Date "2012.12.28"]
[Round "2.20"]
[White "Johansson,Linus"]
[Black "Mikalsen,E"]
[Result "1/2-1/2"]
[WhiteElo "2312"]
[BlackElo "2074"]

1.Nf3 Nf6 2.d4 e6 3.c4 b6 4.a3 Bb7 5.Nc3 d5 6.e3 Be7 7.cxd5 exd5 8.Bb5+ c6
9.Bd3 O-O 10.b4 a5 11.b5 c5 12.dxc5 bxc5 13.O-O Nbd7 14.Bb2 Bd6 15.Rc1 Qe7
16.a4 Ne5 17.Be2 Rad8 18.Nb1 Nfg4 19.Nbd2 Rfe8 20.Nxe5 Nxe5 21.Nf3 d4 22.exd4 Ng4
23.Bd3 Bxf3 24.Qxf3 Qh4 25.Qh3 Qxh3 26.gxh3 Nxh2 27.Rfd1 Nf3+ 28.Kg2 Nxd4
29.Bxd4 cxd4 30.Rc4 Bb4 31.Rc7 Rc8 32.Rdc1 Bc3 33.Rd7 Red8 34.Ra7 Ra8 35.Rb7 Rab8
36.Ra7 Ra8 37.Rxa8 Rxa8 38.Kf3 Re8 39.Rg1 g6 40.Rg5 f5 41.Rg1  1/2-1/2

[Event "29th Travemuender Schach-Open"]
[Site "Travemuende GER"]
[Date "2012.12.28"]
[Round "3.2"]
[White "Dietze,FH"]
[Black "Maiorov,N1"]
[Result "0-1"]
[WhiteElo "2163"]
[BlackElo "2541"]

1.d4 Nf6 2.Nf3 e6 3.c4 b6 4.a3 Ba6 5.Qc2 Bb7 6.Nc3 c5 7.e4 cxd4 8.Nxd4 Bc5
9.Nb3 Nc6 10.Bg5 h6 11.Bf4 e5 12.Bg3 O-O 13.Bd3 Nh5 14.Ne2 Qf6 15.Qd2 a5
16.O-O a4 17.Nxc5 bxc5 18.Rad1 d6 19.Bb1 Rfd8 20.f4 exf4 21.Bxf4 Nxf4 22.Nxf4 Qd4+
23.Qxd4 Nxd4 24.Nd5 Rab8 25.Rf2 Bxd5 26.exd5 g6 27.Re1 Rd7 28.Rd1 Re7 29.Kf1 Kg7
30.g4 Rb3 31.Kg2 Reb7 32.Rdd2 Re3 33.Bd3 Rbe7 34.Bc2 Nb3 35.Rd3 R3e4 36.Rxb3 axb3
37.Bxe4 Rxe4 38.Kg3 Rxc4 39.Rf3 Rd4 40.Rxb3 Rxd5 41.a4 c4 42.Rb5 Rd3+ 43.Kf4 Kf6
44.Rb6 Ke6 45.a5 Kd5 46.h4 Rd1 47.a6 Ra1 48.Ke3 Kc5 49.Rb7 Rxa6 50.Rxf7 d5
51.Rc7+ Rc6 52.Rh7 Re6+ 53.Kf4 d4 54.Rxh6 c3 55.bxc3 dxc3 56.h5 c2  0-1

[Event "29th Travemuender Schach-Open"]
[Site "Travemuende GER"]
[Date "2012.12.28"]
[Round "4.4"]
[White "Voloshin,L"]
[Black "Schmidt,Ha"]
[Result "1-0"]
[WhiteElo "2426"]
[BlackElo "2365"]

1.d4 Nf6 2.c4 e6 3.Nf3 b6 4.a3 Bb7 5.Nc3 d5 6.cxd5 exd5 7.g3 Be7 8.Bg2 O-O
9.O-O a5 10.Bf4 c6 11.Rc1 Nbd7 12.Qc2 b5 13.Rfd1 Nb6 14.Nxb5 Nc4 15.Nc3 Nh5
16.Bd2 Qd6 17.Na4 Rab8 18.Bc3 Bc8 19.Nd2 Nxd2 20.Qxd2 f5 21.Bxa5 f4 22.Bb4 Rxb4
23.Qxb4 Qf6 24.Qe1 Qh6 25.Rc3 Bg5 26.Nb6 fxg3 27.hxg3 Nf6 28.Rxc6 Bb7 29.Rxf6 Rxf6
30.Nxd5 Rf7 31.e3 Qd6 32.Nc3 Bxg2 33.Kxg2 h5 34.Qe2 h4 35.Qg4 Qe7 36.d5 hxg3
37.Ne4 Qe5 38.Qc8+ Kh7 39.Nxg5+ Qxg5 40.Rh1+ Kg6 41.Qe6+ Rf6 42.Qe8+ Rf7
43.Qe4+ Rf5 44.fxg3 Qf6 45.Rf1  1-0

[Event "XLII Rilton Cup"]
[Site "Stockholm SWE"]
[Date "2012.12.29"]
[Round "3.12"]
[White "Engqvist,T"]
[Black "Rombaldoni,Ax"]
[Result "1/2-1/2"]
[WhiteElo "2312"]
[BlackElo "2464"]

1.Nf3 Nf6 2.c4 b6 3.d4 e6 4.a3 c5 5.d5 exd5 6.cxd5 g6 7.Nc3 Bg7 8.Bg5 h6
9.Bh4 O-O 10.e3 d6 11.Nd2 Ba6 12.Bxa6 Nxa6 13.O-O Qd7 14.a4 Rfe8 15.e4 Nb4
16.f3 Nh5 17.Nc4 Rab8 18.Qd2 a6 19.g4 Nf6 20.Bg3 Bf8 21.e5 dxe5 22.Bxe5 Rxe5
23.Nxe5 Qc7 24.Nc4 b5 25.axb5 axb5 26.Na3 c4 27.Kh1 Qc5 28.Qf4 Nd7 29.Ne4 Qb6
30.Rad1 Nd3 31.Qd2 Bg7 32.b3 Nb2 33.Rb1 Qa6 34.Rxb2 Qxa3 35.Rbb1 Rc8 36.bxc4 bxc4
37.Rbc1 Nc5 38.Rc3 Qa6 39.Rc2 Nd3 40.Nc3 Nb4 41.Rcc1 Nd3 42.Rc2 Nb4 43.Rcc1 Nd3
44.Rc2  1/2-1/2

[Event "Prague Open A 2013"]
[Site "Prague CZE"]
[Date "2013.01.15"]
[Round "8.2"]
[White "Vokac,M"]
[Black "Pacher,M"]
[Result "0-1"]
[WhiteElo "2471"]
[BlackElo "2436"]

1.d4 Nf6 2.c4 e6 3.Nf3 b6 4.a3 Bb7 5.Nc3 d6 6.d5 exd5 7.cxd5 g6 8.g3 Bg7
9.Bg2 O-O 10.O-O c6 11.dxc6 Nxc6 12.Nd4 d5 13.Nxc6 Bxc6 14.Bg5 Rc8 15.Rc1 d4
16.Bxc6 Rxc6 17.Ne4 Re6 18.Bxf6 Bxf6 19.Nxf6+ Qxf6 20.Qd3 Rfe8 21.Rc2 Qf5
22.b4 Qg4 23.Re1 h5 24.Kg2 Rd6 25.h3 Qg5 26.e4 h4 27.f4 Qxg3+ 28.Qxg3 hxg3
29.Kxg3 d3 30.Rd2 Rc8 31.Kf3 Rd4 32.f5 gxf5 33.exf5 Rc3 34.Re4 Rxe4 35.Kxe4 Rxa3
36.b5 Rb3 37.Rxd3 Rxb5 38.Rd7 a5 39.Kf4 a4 40.Kg5 Kg7 41.h4 a3 42.Rd2 Ra5
43.Ra2 b5 44.h5 b4 45.h6+ Kh7 46.Kf6 b3 47.Rg2 a2  0-1

[Event "Dvorkovich Mem 2013"]
[Site "Taganrog RUS"]
[Date "2013.01.15"]
[Round "1.9"]
[White "Sukhareva,E"]
[Black "Kryakvin,D"]
[Result "0-1"]
[WhiteElo "2250"]
[BlackElo "2586"]

1.d4 Nf6 2.c4 e6 3.Nf3 b6 4.a3 Bb7 5.Nc3 d5 6.cxd5 Nxd5 7.Qc2 Nxc3 8.bxc3 Nd7
9.e4 c5 10.Bd3 Qc7 11.O-O cxd4 12.cxd4 Qxc2 13.Bxc2 Rc8 14.Bb1 Be7 15.Bb2 O-O
16.Bd3 Rfd8 17.Rfd1 a6 18.a4 Nf6 19.e5 Nd5 20.Be4 Rc7 21.Rdc1 Rdc8 22.g3 Bb4
23.Kh1 h6 24.h4 a5 25.Rxc7 Rxc7 26.Kh2 Bc6 27.Kg1 Kf8 28.Nh2 Bc3 29.Bxc3 Nxc3
30.Bxc6 Rxc6 31.Kf1 Nd5 32.Nf3 Rc2 33.Ke1 Nb4 34.Nd2 Rc3 35.Kd1 Rd3 36.Ke2 Rxd4
37.f4 Nd5 38.Ra3 Rxa4 39.Rxa4 Nc3+ 40.Kd3 Nxa4 41.Kc4 h5 42.Ne4 Nc5 43.Nd6 f5
44.exf6 gxf6 45.Kb5 a4 46.Kb4 f5 47.Nb5 Ke7 48.Nc3 Kd7 49.Ka3 Kc6 50.Kb4 Ne4
51.Ne2 Kd5  0-1

[Event "Dvorkovich Mem 2013"]
[Site "Taganrog RUS"]
[Date "2013.01.17"]
[Round "3.13"]
[White "Mandrikin,I"]
[Black "Predke,A"]
[Result "0-1"]
[WhiteElo "2273"]
[BlackElo "2503"]

1.d4 Nf6 2.c4 e6 3.Nf3 b6 4.a3 Bb7 5.Nc3 d5 6.cxd5 Nxd5 7.Qc2 Nxc3 8.Qxc3 h6
9.b4 Nd7 10.e3 Bd6 11.Bb2 O-O 12.Be2 Qf6 13.O-O Qg6 14.Rfd1 f5 15.Rac1 Nf6
16.Nh4 Qf7 17.Nf3 Qh5 18.h3 f4 19.exf4 Nd5 20.Qe1 Nxf4 21.Rc3 Rf6 22.Bf1 Nxh3+
23.gxh3 Rg6+ 24.Bg2 Qxh3  0-1

[Event "TCh-SVK Extraliga 2012-13"]
[Site "Slovakia SVK"]
[Date "2013.01.20"]
[Round "6.2"]
[White "Najgebauer,S"]
[Black "Palecek,P"]
[Result "1/2-1/2"]
[WhiteElo "2187"]
[BlackElo "2225"]

1.d4 Nf6 2.Nf3 e6 3.c4 b6 4.a3 Bb7 5.Nc3 d5 6.cxd5 Nxd5 7.Bd2 Nd7 8.Qc2 Be7
9.e3 O-O 10.Bd3 N7f6 11.O-O c5 12.dxc5 Bxc5 13.e4 Nxc3 14.Bxc3 h6 15.Rad1 Rc8
16.Qe2 Qe7 17.Rc1 a5 18.Bb1 Rfd8 19.Ne5 Nd7 20.Rfd1 Nxe5 21.Bxe5 Qg5 22.Bc3 e5  1/2-1/2

[Event "5th Chennai Open 2013"]
[Site "Chennai IND"]
[Date "2013.01.23"]
[Round "11"]
[White "Phoobalan,P"]
[Black "Ramakrishna,J"]
[Result "1-0"]
[WhiteElo "2328"]
[BlackElo "2224"]

1.d4 Nf6 2.Nf3 e6 3.c4 b6 4.a3 Bb7 5.Nc3 d5 6.cxd5 Nxd5 7.Qc2 Nxc3 8.bxc3 c5
9.e4 Nc6 10.Be3 Rc8 11.Qa4 cxd4 12.cxd4 Be7 13.Ba6 Bxa6 14.Qxa6 O-O 15.O-O Na5
16.a4 Nc4 17.Bf4 Bd6 18.Bg5 Qd7 19.Rfc1 Na5 20.h4 h6 21.Be3 f5 22.exf5 Rxc1+
23.Rxc1 Rxf5 24.Qc8+ Qxc8 25.Rxc8+ Rf8 26.Rc2 Rf7 27.Bd2 Nb7 28.Rc8+ Rf8
29.Rc6 Rd8 30.Kf1 Kf7 31.Ke2 Ke7 32.Rc2 Kd7 33.h5 Rc8 34.Rxc8 Kxc8 35.Bc3 Nd8
36.d5 Bf8 37.Ne5 Be7 38.Ng4 Bf8 39.Ne5 Be7 40.Nc6 Nxc6 41.dxc6 Bf6 42.Bxf6 gxf6
43.g4 e5 44.Kd3 Kc7 45.Ke4 a6 46.Kf5 b5 47.axb5 axb5 48.Kxf6 b4 49.g5 hxg5
50.h6 b3 51.h7 b2 52.h8=Q b1=Q 53.Qe8 Qe1 54.Qd7+ Kb6 55.Qb7+ Ka5 56.Qa7+ Kb5
57.c7 Qh1 58.Qb8+ Ka5 59.c8=Q Qh6+ 60.Ke7 Qh7+ 61.Kd8 Qg8+ 62.Kc7 Qc4+ 63.Kd8 Qg8+
64.Kd7 Qf7+ 65.Kd6 Qg6+ 66.Qe6 Qd3+ 67.Qd5+  1-0